000 00678nam a2200217Ia 4500
001 114252
003 UNIBE
005 20251204153314.0
008 251202b1994 dr ||||| |||| 00| 0 spa d
040 _cBIBLIOTECA UNIBE
_aBiblioteca UNIBE
_bspa
041 _aspa
082 _aF-RD 6015
090 _aRD - F 1474
100 _aNúñez Collado, Agripino,
_d1933-2022
_eMonseñor
_9201138
245 0 _aDesarrollo y concertación /
_cAgripino Núñez Collado
260 4 _aSanto Domingo :
_bEditora Taller,
_c1994
300 4 _a16 páginas
490 _aCartas universitarias ;
_v2
650 _aPolítica cultural.
_xEnsayos, conferencias, etc.
_9201301
942 _2ddc
_cMX
999 _c114252
_d114252